Normal view
MARC view
- الفيزياء - فلسفة
Entry Topical Term
001 - CONTROL NUMBER
- control field: 7741
003 - CONTROL NUMBER IDENTIFIER
- control field: JO-AjAnu
005 - DATE AND TIME OF LATEST TRANSACTION
- control field: 20230606071542.0
008 - FIXED-LENGTH DATA ELEMENTS
- fixed length control field: 230606|| aca||aabn | a|a d
040 ## - CATALOGING SOURCE
- Original cataloging agency: JO-AjAnu
- Transcribing agency: JO-AjAnu
150 ## - HEADING--TOPICAL TERM
- Topical term or geographic name entry element: الفيزياء - فلسفة
670 ## - SOURCE DATA FOUND
- Source citation: Work cat.: (JO-AjAnu)4001: شابي، ددلي محرر ؛ ترجمة احمد الحصادي , author 7740, إشكاليات فلسفية في العلم الطبيعي=PHILOSOPHICAL PROBLEMS OF NATURAL SCIENCE، ج1+2